00858nam a2200229 i 450000100060000000300090000600500170001500700030003200800410003502000180007608000220009410000270011624501710014326000420031430000390035650500920039565100470048770000180053470000310055271000210058385200240060447874ES-MaACL20250902225542.0t|030623s2001 sp bd ||||0| spa j a84-95163-60-8 a338.1(460-35)"19"1 aGoerlich, Francisco J.13aLa evolución económica de las provincias españolas b: (1955-1998) / cFrancisco J. Goerlich Gisbert, Matilde Mas Ivars ; prólogo, Francisco Pérez García. aBilbao : bFundación BBVA, c[2001] a2 v. : bgráf., mapas ; c23 cm.8 aContiene: v. 1 ; tCapitalización y crecimiento - v. 2 ; tDesigualdad y convergencia 4aEspaña-xSituación económica-yS.XX.1 aMas, Matilde.1 aPérez, Francisco,d1950-2 aFundación BBVA aES-MaACLjL-26426-7